000 01729nam0a2200325 4500
001 RU\NLR\bibl\1285265
005 20260407191040.0
010 _a978-5-903861-03-3
_91000
021 _aRU
_b2008-68836
_93939
035 _a(NLR Aleph) 001270996
090 _a438953
_c438953
100 _a20081017d2008 |||y0rusy50 ca
101 0 _arus
102 _aRU
105 _aah |||||||||
200 1 _aЛичность и творческая индивидуальность В. С. Мерлина
_fФедер. агентство по образованию, Гос. образоват. учреждение высш. проф. образования "Перм. гос. пед. ун-т", Ин-т психологии
_gсост.: Б.А. Вяткин, М.Р. Щукин
210 _aПермь
_cКнижный мир
_d2008
215 _a246, [1] с.
_cил., факс.
_d21
320 _aБиблиогр. в конце ст.
320 _aОсновные научные труды В.С. Мерлина: с. 220-227 (93 назв.)
600 1 _aМерлин
_bВ.С.
_f1898 - 1982
_gВольф Соломонович
_92113598
_3RU\NLR\auth\661277093
686 _aЮ91(2)72
702 1 _aВяткин
_bБ. А.
_f1935-
_gБронислав Александрович
_4220
702 1 _4570
_8rus
_7ca
_aМерлин
_bВ. С.
_f1898-1982
_gВольф Соломонович
_3RU\NLR\auth\7759065
_941997
712 0 2 _4570
_aПермский государственный педагогический университет
_bИнститут психологии
_3RU\NLR\AUTH\8810124018
_9745676
801 0 _aRU
_bNLR
_c20081017
_gRCR
801 1 _aRU
_bNLR
_c20081017
942 _cBOOK
980 _aNB